Normal view
MARC view
- H. Shih, Randy
Entry Personal Name
001 - CONTROL NUMBER
- control field: 102295
003 - CONTROL NUMBER IDENTIFIER
- control field: NUST
005 - DATE AND TIME OF LATEST TRANSACTION
- control field: 20221103111852.0
008 - FIXED-LENGTH DATA ELEMENTS
- fixed length control field: 221103|| aca||aabn | a|a d
040 ## - CATALOGING SOURCE
- Original cataloging agency: NUST
- Transcribing agency: NUST
100 ## - HEADING--PERSONAL NAME
- Personal name: H. Shih, Randy
670 ## - SOURCE DATA FOUND
- Source citation: Work cat.: (NUST): H. Shih, Randy, AutoCad 2019 : , 2018
